000
00485nam a2200169Ia 4500
008
090711s9999 xx 000 0 und d
082
_b
37932
100
_a
शेंडे ना. रा.
245
_a
काजळी रात्र
260
_c
1978
300
_a
180+32
600
_a
शेंडे ना. रा.
630
_a
काजळी रात्र
700
_a
शेंडे ना. रा.
730
_a
काजळी रात्र
942
_c
BOOK
999
_c
288038
_d
288038